[Event "IND-ch U17"]
[Site "Bengaluru"]
[Date "2015.10.08"]
[Round "8"]
[White "Dhanush, Bharadwaj"]
[Black "Vaisnav, M."]
[Result "1/2-1/2"]
[WhiteElo "1848"]
[BlackElo "1977"]
[PlyCount "67"]
[EventDate "2015.10.03"]
[EventType "swiss"]
[EventRounds "11"]
[EventCountry "IND"]
[SourceTitle "CBM 168 Extra"]
[Source "ChessBase"]
[SourceDate "2015.10.29"]
[SourceVersion "1"]
[SourceVersionDate "2015.10.29"]
[SourceQuality "1"]

1. c4 e5 2. g3 Nc6 3. Bg2 f5 4. Nc3 Nf6 5. Nf3 e4 6. Nh4 g6 7. d3 exd3 8. Qxd3 Bg7 9. 0-0 0-0 10. Bg5 Ne5 11. Qd1 Nf7 12. Bd2 d6 13. Rc1 c6 14. b3 Ng4 15. Nf3 g5 16. Qc2 Qf6 17. h3 Ngh6 18. Rcd1 Qg6 19. Qc1 g4 20. Nh4 Qf6 21. hxg4 Nxg4 22. e4 f4 23. Ne2 f3 24. Nxf3 Nfe5 25. Bf4 Qe7 26. Qd2 Qf7 27. Nh4 Ng6 28. Qxd6 Nxf4 29. Qxf4 Qh5 30. Qd2 Bf6 31. Nf4 Qh6 32. Nh3 Qh5 33. Nf4 Qh6 34. Nh3 1/2-1/2

[Event "IND-ch U17 25th"]
[Site "Bihar"]
[Date "2014.12.06"]
[Round "7"]
[White "Neelash, Saha"]
[Black "Vaisnav, M."]
[Result "1/2-1/2"]
[WhiteElo "1948"]
[BlackElo "1981"]
[PlyCount "97"]
[EventDate "2014.12.02"]
[EventType "swiss"]
[EventRounds "11"]
[EventCountry "IND"]
[SourceTitle "EXT 2016"]
[Source "ChessBase"]
[SourceDate "2015.10.08"]
[SourceVersion "1"]
[SourceVersionDate "2015.10.08"]
[SourceQuality "1"]

1. d4 f5 2. Nf3 Nf6 3. Bf4 g6 4. e3 Bg7 5. h3 d6 6. Bc4 d5 7. Bd3 0-0 8. Nbd2 Ne4 9. g4 Nc6 10. gxf5 Bxf5 11. Nxe4 Bxe4 12. Bxe4 dxe4 13. Nd2 Nxd4 14. c3 Nf5 15. Nxe4 e5 16. Bh2 Nh4 17. Qxd8 Raxd8 18. Ke2 Nf3 19. Bg3 Rd7 20. Rad1 Re7 21. Rd5 g5 22. Rhd1 h5 23. Nd2 c6 24. Nxf3 cxd5 25. Rxd5 h4 26. Bxe5 Rxf3 27. Bxg7 Ref7 28. Bd4 Rxf2+ 29. Kd3 Rg2 30. Ke4 Kh7 31. Rd8 Rxb2 32. Rh8+ Kg6 33. Rg8+ Kh6 34. Kd5 Rxa2 35. Ke6 Rh7 36. Bf6 Rg2 37. Kf5 a5 38. e4 Rf2+ 39. Ke6 a4 40. Bxg5+ Kh5 41. Be3 Re2 42. Rg5+ Kh6 43. Rg3+ Kh5 44. Rg5+ Kh6 45. Rg3+ Rxe3 46. Rxe3 Kg5 47. Rf3 Rh6+ 48. Kf7 Rh7+ 49. Ke6 1/2-1/2

[Event "IND-ch U17 25th"]
[Site "Bihar"]
[Date "2014.12.05"]
[Round "5"]
[White "Vaisnav, M."]
[Black "Saurabh, Anand"]
[Result "0-1"]
[WhiteElo "1981"]
[BlackElo "1946"]
[PlyCount "110"]
[EventDate "2014.12.02"]
[EventType "swiss"]
[EventRounds "11"]
[EventCountry "IND"]
[SourceTitle "EXT 2016"]
[Source "ChessBase"]
[SourceDate "2015.10.08"]
[SourceVersion "1"]
[SourceVersionDate "2015.10.08"]
[SourceQuality "1"]

1. d4 d5 2. Nf3 Nf6 3. e3 g6 4. Bd3 Bg7 5. Nbd2 0-0 6. 0-0 c5 7. c3 b6 8. Ne5 Bb7 9. f4 Ne4 10. Qf3 f5 11. Qh3 Nxd2 12. Bxd2 Ba6 13. Bxa6 Nxa6 14. Nf3 Qd7 15. Kh1 Nc7 16. Rg1 Ne8 17. Raf1 Nf6 18. Ne5 Qe6 19. g4 Nxg4 20. Nxg4 fxg4 21. Qxg4 Qxg4 22. Rxg4 c4 23. e4 e6 24. Kg2 Rad8 25. Re1 Rfe8 26. h4 dxe4 27. Rxe4 Rd5 28. Rg5 Kf7 29. Kf3 Bf6 30. Rxd5 exd5 31. Rxe8 Kxe8 32. Be1 Ke7 33. Bf2 Ke6 34. Kg4 b5 35. a3 a5 36. Kg3 Kf5 37. Kf3 Be7 38. Be1 h6 39. Bf2 a4 40. Bg3 b4 41. axb4 Bxb4 42. Be1 Be7 43. Bf2 a3 44. bxa3 Bxa3 45. Be3 Bb2 46. Bd2 h5 47. Kf2 Ke4 48. Ke2 Ba1 49. Be1 Kxf4 50. Kd2 Bb2 51. Kc2 Ba3 52. Bd2+ Kf3 53. Bg5 Bd6 54. Kb2 Kg4 55. Kc2 Bg3 0-1

[Event "IND-ch U17 25th"]
[Site "Bihar"]
[Date "2014.12.04"]
[Round "4"]
[White "Satvik, Muralidhar"]
[Black "Vaisnav, M."]
[Result "0-1"]
[WhiteElo "1934"]
[BlackElo "1981"]
[PlyCount "56"]
[EventDate "2014.12.02"]
[EventType "swiss"]
[EventRounds "11"]
[EventCountry "IND"]
[SourceTitle "EXT 2016"]
[Source "ChessBase"]
[SourceDate "2015.10.08"]
[SourceVersion "1"]
[SourceVersionDate "2015.10.08"]
[SourceQuality "1"]

1. d4 f5 2. Nc3 d5 3. e3 Nf6 4. Qf3 e6 5. Bb5+ c6 6. Bd3 Bd6 7. Nge2 0-0 8. h3 Ne4 9. g3 e5 10. dxe5 Bxe5 11. Bd2 Nd7 12. 0-0-0 Ndc5 13. Qg2 b5 14. f3 Nxd2 15. Rxd2 b4 16. Nd1 Qa5 17. Kb1 b3 18. Nec3 bxa2+ 19. Nxa2 Rb8 20. c3 Nxd3 21. Rxd3 Ba6 22. Rd2 Bc4 23. b4 c5 24. f4 cxb4 25. cxb4 Bf6 26. Rb2 Bd3+ 27. Ka1 Rxb4 28. Qd2 Rxb2 0-1